| 000 | 01038nam a2200265Ia 4500 | ||
|---|---|---|---|
| 003 | OSt | ||
| 005 | 20220923224017.0 | ||
| 006 | a|||||r|||| 00| 0 | ||
| 007 | ta | ||
| 008 | 220922b |||||||| |||| 00| 0 hin d | ||
| 024 | _a224,033 | ||
| 037 | _cTextual | ||
| 040 |
_aARTS _cARTS _bhin |
||
| 041 |
_2hin _ahin |
||
| 082 | _aO157,3N44,KB, 152P3 | ||
| 100 |
_aमजुमदार, समरेश; झा, राजानन्द, अनु. _9167733 |
||
| 245 | 0 | _aकाल बेला | |
| 246 | _aKāl belā | ||
| 260 |
_aनयी दिल्ली _b साहित्य अकादमी _c2003 |
||
| 300 |
_a573पृ. _ccm. |
||
| 490 | _aसाहित्य अकादमी सॅं पुरस्कृत बाड्र्.ला उपन्यास | ||
| 650 |
_aबंगाली साहित्य _9156264 |
||
| 942 |
_hO157,3N44,KB, 152P3 _cTEXL _2CC |
||
| 999 |
_c368654 _d368654 |
||